[Event "POL-chT 2nd League Juniors 2020"]
[Site "Sypniewo"]
[Date "2020.10.24"]
[Round "2.9"]
[White "Bochenek, Ryszard"]
[Black "Zaborski, Igor"]
[Result "1-0"]
[WhiteElo "1445"]
[BlackElo "1612"]
[Annotator "NA RC"]
[PlyCount "57"]
[EventDate "2020.10.23"]
[EventType "team-tourn"]
[EventCountry "POL"]
[SourceTitle "playchess.com"]
[Source "ChessBase"]
[SourceQuality "1"]
[TimeControl "5400+30"]

1. e4 {[%emt 0:00:00]} d6 {[%emt 0:00:00]} 2. d4 {[%emt 0:00:07]} Nf6 {[%emt 0:00:00]} 3. Nc3 {[%emt 0:00:20]} g6 {[%emt 0:00:13]} 4. Bg5 {[%emt 0:00:59]} Bg7 {[%emt 0:00:18]} 5. Qd2 {[%emt 0:03:11]} c6 {[%emt 0:01:32]} 6. Bd3 {[%emt 0:02:55]} h6 {[%emt 0:01:59]} 7. Be3 {[%emt 0:08:15]} Nbd7 {[%emt 0:00:40]} 8. f3 {[%emt 0:01:07]} Qb6 {[%emt 0:01:27]} 9. O-O-O {[%emt 0:05:02]} c5 {[%emt 0:01:17]} 10. Nge2 {[%emt 0:05:22]} a6 {[%emt 0:04:48]} 11. g4 {[%emt 0:06:24]} Qc7 {[%emt 0:01:39]} 12. Ng3 {[%emt 0:02:46]} b5 {[%emt 0:02:06]} 13. h4 {[%emt 0:02:19]} b4 {[%emt 0:01:45]} 14. Nb1 {[%emt 0:02:50]} c4 {[%emt 0:03:50]} 15. Be2 {[%emt 0:00:34]} Rb8 {[%emt 0:08:25]} 16. c3 {[%emt 0:07:15]} a5 {[%emt 0:03:32]} 17. h5 {[%emt 0:06:29]} bxc3 {[%emt 0:00:43]} 18. Nxc3 {[%emt 0:00:18]} e5 {[%emt 0:06:28]} 19. d5 {[%emt 0:07:04]} Nc5 {[%emt 0:01:43]} 20. hxg6 {[%emt 0:02:30]} fxg6 {[%emt 0:02:08]} 21. Bxh6 {[%emt 0:01:25]} Bxh6 {[%emt 0:00:34]} 22. Rxh6 {[%emt 0:00:12]} Rxh6 {[%emt 0:00:07]} 23. Qxh6 {[%emt 0:00:05]} Qb6 {[%emt 0:00:39]} 24. Qxg6+ {[%emt 0:04:13]} Ke7 {[%emt 0:00:14]} 25. Rd2 {[%emt 0:00:26]} Nd3+ {[%emt 0:01:55]} 26. Bxd3 {[%emt 0:00:36]} cxd3 {[%emt 0:00:17]} 27. Qg7+ {[%emt 0:06:19]} Ke8 {[%emt 0:01:31]} 28. Qxf6 {[%emt 0:02:19]} Qg1+ {[%emt 0:00:29]} 29. Nd1 {[%emt 0:00:31]} 1-0

[Event "POL-chT 2nd League Juniors 2020"]
[Site "Sypniewo"]
[Date "2020.10.24"]
[Round "2.9"]
[White "Pawlowski, Kamil"]
[Black "Jendrowiak, Maciej"]
[Result "0-1"]
[WhiteElo "1162"]
[BlackElo "1382"]
[Annotator "NA RC"]
[PlyCount "116"]
[EventDate "2020.10.23"]
[EventType "team-tourn"]
[EventCountry "POL"]
[SourceTitle "playchess.com"]
[Source "ChessBase"]
[SourceQuality "1"]
[TimeControl "5400+30"]

1. c4 {[%emt 0:00:00]} e5 {[%emt 0:00:00]} 2. Nc3 {[%emt 0:00:00]} Nc6 {[%emt 0:00:19]} 3. e3 {[%emt 0:00:26]} g6 {[%emt 0:02:53]} 4. Nge2 {[%emt 0:00:32]} Bg7 {[%emt 0:02:28]} 5. d4 {[%emt 0:02:00]} d6 {[%emt 0:00:55]} 6. g3 {[%emt 0:05:58]} f5 {[%emt 0:03:43]} 7. Bg2 {[%emt 0:03:16]} Nf6 {[%emt 0:01:22]} 8. Bxc6+ {[%emt 0:01:38]} bxc6 {[%emt 0:00:39]} 9. dxe5 {[%emt 0:00:21]} dxe5 {[%emt 0:00:05]} 10. Qxd8+ {[%emt 0:00:18]} Kxd8 {[%emt 0:00:11]} 11. b3 {[%emt 0:03:21]} Ke7 {[%emt 0:00:34]} 12. Ba3+ {[%emt 0:00:26]} Kf7 {[%emt 0:00:07]} 13. O-O-O {[%emt 0:00:33]} Ng4 {[%emt 0:00:35]} 14. Rdf1 {[%emt 0:05:57]} Bh6 {[%emt 0:02:29]} 15. Kb1 {[%emt 0:00:41]} Be6 {[%emt 0:00:56]} 16. Na4 {[%emt 0:02:20]} Rab8 {[%emt 0:00:55]} 17. Nb2 {[%emt 0:00:20]} Rhd8 {[%emt 0:00:41]} 18. h3 {[%emt 0:02:06]} Nf6 {[%emt 0:00:14]} 19. Rd1 {[%emt 0:00:42]} Ne4 20. f3 {[%emt 0:07:01]} Nf2 {[%emt 0:01:01]} 21. Rxd8 {[%emt 0:00:17]} Rxd8 {[%emt 0:00:05]} 22. Rf1 {[%emt 0:00:45]} Bxe3 {[%emt 0:00:10]} 23. h4 {[%emt 0:06:08]} Rd2 {[%emt 0:06:53]} 24. Nc1 {[%emt 0:01:28]} f4 {[%emt 0:01:55]} 25. g4 {[%emt 0:01:19]} a5 {[%emt 0:03:25]} 26. b4 {[%emt 0:08:36]} a4 {[%emt 0:04:37]} 27. b5 {[%emt 0:07:02]} c5 {[%emt 0:01:02]} 28. Re1 {[%emt 0:05:12]} h5 {[%emt 0:01:22]} 29. gxh5 {[%emt 0:02:16]} Bf5+ {[%emt 0:00:37]} 30. Ka1 {[%emt 0:00:14]} Rc2 {[%emt 0:01:03]} 31. Nxa4 {[%emt 0:00:44]} Rxc4 {[%emt 0:00:46]} 32. b6 {[%emt 0:01:52]} cxb6 {[%emt 0:01:28]} 33. Nxb6 {[%emt 0:01:33]} Bd4+ {[%emt 0:00:12]} 34. Bb2 {[%emt 0:02:18]} Rb4 {[%emt 0:00:25]} 35. Nb3 {[%emt 0:00:30]} Bxb2+ {[%emt 0:00:19]} 36. Kxb2 {[%emt 0:01:52]} Nd3+ {[%emt 0:00:07]} 37. Kc3 {[%emt 0:00:47]} Nxe1 {[%emt 0:00:14]} 38. Nd5 {[%emt 0:02:10]} Rb8 {[%emt 0:00:43]} 39. hxg6+ {[%emt 0:00:25]} Bxg6 {[%emt 0:00:17]} 40. Nxc5 {[%emt 0:00:19]} Rc8 {[%emt 0:00:11]} 41. Kb4 {[%emt 0:00:11]} Nd3+ {[%emt 0:00:12]} 42. Nxd3 {[%emt 0:00:15]} Bxd3 {[%emt 0:00:05]} 43. Nb6 {[%emt 0:01:15]} Rb8 {[%emt 0:00:12]} 44. Kc5 {[%emt 0:00:19]} Ke6 {[%emt 0:00:08]} 45. a4 {[%emt 0:00:21]} Be2 {[%emt 0:01:01]} 46. a5 {[%emt 0:00:28]} Bxf3 {[%emt 0:00:31]} 47. a6 {[%emt 0:00:10]} Kf5 {[%emt 0:01:17]} 48. a7 {[%emt 0:00:25]} Rxb6 {[%emt 0:00:09]} 49. Kxb6 {[%emt 0:00:15]} Kg4 {[%emt 0:00:11]} 50. h5 {[%emt 0:00:19]} Kxh5 {[%emt 0:00:10]} 51. Kc5 {[%emt 0:00:05]} Kg4 {[%emt 0:00:21]} 52. Kc4 {[%emt 0:00:14]} Ba8 {[%emt 0:00:09]} 53. Kd3 {[%emt 0:00:06]} Kf3 {[%emt 0:00:03]} 54. Kd2 {[%emt 0:00:07]} Kf2 {[%emt 0:00:04]} 55. Kd1 {[%emt 0:00:06]} e4 {[%emt 0:00:05]} 56. Kd2 {[%emt 0:00:10]} e3+ {[%emt 0:00:07]} 57. Kd3 {[%emt 0:00:11]} e2 {[%emt 0:00:06]} 58. Kd4 {[%emt 0:00:03]} e1=Q {[%emt 0:00:10]} 0-1

[Event "POL-chT 2nd League Juniors 2020"]
[Site "Sypniewo"]
[Date "2020.10.24"]
[Round "2.10"]
[White "Rozek, Michal"]
[Black "Suszczynski, Dominik"]
[Result "1-0"]
[WhiteElo "1442"]
[BlackElo "1241"]
[Annotator "NA RC"]
[PlyCount "37"]
[EventDate "2020.10.23"]
[EventType "team-tourn"]
[EventCountry "POL"]
[SourceTitle "playchess.com"]
[Source "ChessBase"]
[SourceQuality "1"]
[TimeControl "5400+30"]

1. e4 {[%emt 0:00:00]} c5 {[%emt 0:00:00]} 2. Nf3 {[%emt 0:00:00]} Nc6 {[%emt 0:00:38]} 3. Bb5 {[%emt 0:01:01]} d6 {[%emt 0:02:20]} 4. O-O {[%emt 0:01:16]} Nf6 {[%emt 0:02:03]} 5. Re1 {[%emt 0:02:59]} Bd7 {[%emt 0:01:25]} 6. c3 {[%emt 0:04:46]} g6 {[%emt 0:07:37]} 7. d4 {[%emt 0:01:45]} cxd4 {[%emt 0:00:34]} 8. cxd4 {[%emt 0:00:29]} Bg7 {[%emt 0:02:13]} 9. Nc3 {[%emt 0:03:34]} O-O {[%emt 0:05:40]} 10. h3 {[%emt 0:06:25]} Ne8 {[%emt 0:06:49]} 11. Be3 {[%emt 0:04:47]} f5 {[%emt 0:12:31]} 12. Bc4+ {[%emt 0:04:19]} Kh8 {[%emt 0:00:36]} 13. exf5 {[%emt 0:05:38]} gxf5 {[%emt 0:01:04]} 14. Ng5 {[%emt 0:05:11]} d5 {[%emt 0:00:50]} 15. Bxd5 {[%emt 0:04:53]} Nd6 {[%emt 0:00:29]} 16. Qh5 {[%emt 0:01:40]} h6 {[%emt 0:01:07]} 17. Qg6 {[%emt 0:04:54]} hxg5 {[%emt 0:03:59]} 18. Qh5+ {[%emt 0:00:19]} Bh6 {[%emt 0:00:06]} 19. Qxh6# {[%emt 0:00:04]} 1-0

[Event "POL-chT 2nd League Juniors 2020"]
[Site "Sypniewo"]
[Date "2020.10.24"]
[Round "2.10"]
[White "Oles, Mateusz"]
[Black "Nowakowski, Maksymilian"]
[Result "1/2-1/2"]
[WhiteElo "1029"]
[BlackElo "1113"]
[Annotator "NA RC"]
[PlyCount "69"]
[EventDate "2020.10.23"]
[EventType "team-tourn"]
[EventCountry "POL"]
[SourceTitle "playchess.com"]
[Source "ChessBase"]
[SourceQuality "1"]
[TimeControl "5400+30"]

1. e4 {[%emt 0:00:00]} e6 {[%emt 0:00:00]} 2. d4 {[%emt 0:00:00]} d5 {[%emt 0:00:00]} 3. exd5 {[%emt 0:00:30]} exd5 {[%emt 0:00:19]} 4. Nf3 {[%emt 0:00:36]} Nf6 {[%emt 0:00:51]} 5. c4 {[%emt 0:01:41]} Bg4 {[%emt 0:00:54]} 6. Be3 {[%emt 0:02:57]} c6 {[%emt 0:00:50]} 7. Nc3 {[%emt 0:00:23]} Bb4 {[%emt 0:00:29]} 8. a3 {[%emt 0:02:33]} Bxc3+ {[%emt 0:00:22]} 9. bxc3 {[%emt 0:00:11]} Qa5 {[%emt 0:00:45]} 10. Bd2 {[%emt 0:07:10]} O-O {[%emt 0:01:34]} 11. cxd5 {[%emt 0:06:35]} Qxd5 {[%emt 0:00:17]} 12. Be2 {[%emt 0:01:07]} Re8 {[%emt 0:00:57]} 13. O-O {[%emt 0:00:19]} Ne4 {[%emt 0:01:20]} 14. h3 {[%emt 0:01:14]} Nxd2 {[%emt 0:01:40]} 15. Qxd2 {[%emt 0:00:15]} Bf5 {[%emt 0:01:28]} 16. Rfe1 {[%emt 0:01:46]} Nd7 {[%emt 0:00:48]} 17. c4 {[%emt 0:04:28]} Qd6 {[%emt 0:00:44]} 18. Bd3 {[%emt 0:02:00]} Bxd3 {[%emt 0:01:01]} 19. Qxd3 {[%emt 0:00:12]} Nc5 {[%emt 0:00:16]} 20. Qf5 Nb3 {[%emt 0:02:55]} 21. Ng5 {[%emt 0:05:38]} Qg6 {[%emt 0:00:09]} 22. Qxg6 {[%emt 0:01:37]} hxg6 {[%emt 0:00:07]} 23. Rxe8+ {[%emt 0:00:58]} Rxe8 {[%emt 0:00:07]} 24. Rd1 {[%emt 0:00:08]} f6 {[%emt 0:00:52]} 25. Nf3 {[%emt 0:00:22]} Rd8 {[%emt 0:00:39]} 26. Kh2 {[%emt 0:12:27]} Kf7 {[%emt 0:02:01]} 27. Kg3 {[%emt 0:01:50]} Rd7 {[%emt 0:00:13]} 28. h4 {[%emt 0:02:41]} Na5 {[%emt 0:01:27]} 29. Rc1 {[%emt 0:00:31]} Nb3 {[%emt 0:01:14]} 30. Rd1 {[%emt 0:00:22]} Na5 {[%emt 0:00:26]} 31. Rc1 {[%emt 0:00:32]} Nb3 {[%emt 0:01:42]} 32. Rd1 {[%emt 0:00:18]} Na5 {[%emt 0:00:45]} 33. Rc1 {[%emt 0:00:12]} Nb3 {[%emt 0:01:03]} 34. Rd1 {[%emt 0:00:07]} Na5 {[%emt 0:02:45]} 35. Rc1 {[%emt 0:00:08]} 1/2-1/2

[Event "POL-chT 2nd League Juniors 2020"]
[Site "Sypniewo"]
[Date "2020.10.24"]
[Round "2.11"]
[White "Wasala, Wiktoria"]
[Black "Hertlein, Irena"]
[Result "0-1"]
[WhiteElo "1458"]
[BlackElo "1893"]
[Annotator "NA RC"]
[PlyCount "98"]
[EventDate "2020.10.23"]
[EventType "team-tourn"]
[EventCountry "POL"]
[SourceTitle "playchess.com"]
[Source "ChessBase"]
[SourceQuality "1"]
[TimeControl "5400+30"]

{[%evp 8,87,-4,-43,-36,-48,32767,-46,-33,-53,-53,-85,-35,32767,32767,-66,-58,32767,32767,32767,32767,32767,32767,33,32767,32767,32767,60,80,32767,32767,32767,105,103,32767,66,83,65,84,79,76,32767,105,100,32767,106,109,119,126,116,181,32767,176,93,32767,32767,32767,227,312,213,264,0,0,-42,32767,32767,-14,-462,-518,-548,32767,-881,32767,-293,-309,-457,-488,32767,32767,-887,-995,-1099]} 1. e4 {[%emt 0:00:00]} c5 {[%emt 0:00:00]} 2. Nc3 {[%emt 0:00:00]} Nc6 {[%emt 0:00:00]} 3. f4 {[%emt 0:00:00]} g6 {[%emt 0:00:08]} 4. Nf3 {[%emt 0:00:19]} Bg7 {[%emt 0:00:07]} 5. Bc4 {[%emt 0:00:45]} e6 {[%emt 0:00:26]} 6. O-O {[%emt 0:01:28]} Nge7 {[%emt 0:02:02]} 7. Be2 {[%emt 0:08:52] B23: Closed Sicilian: Lines without g3.} O-O {[%emt 0:06:25]} 8. d3 {[%emt 0:02:32]} d5 {[%emt 0:01:13]} 9. e5 {[%emt 0:05:43]} a6 {[%emt 0:01:10] [#]} 10. Na4 $146 {[%emt 0:05:57]} ({Predecessor:} 10. Nb1 b5 11. c3 Bb7 12. Be3 d4 13. Bd2 Qb6 14. Ng5 Rad8 15. a4 dxc3 16. bxc3 {1-0 (57) Fernandez Garcia,I (1907)-Garcia Fernandez,J (1892) Madrid 2014}) 10... b6 {[%emt 0:07:49]} 11. d4 {[%emt 0:04:29]} cxd4 {[%emt 0:15:16]} 12. Nxd4 {[%emt 0:00:09]} b5 {[%emt 0:00:24]} 13. Nc5 {[%emt 0:06:57]} Qb6 {[%emt 0:06:17]} 14. Ndb3 {[%emt 0:01:34]} Rd8 {[%emt 0:15:53]} 15. Be3 {[%emt 0:05:51]} Bf8 {[%emt 0:04:27]} 16. Bf2 {[%emt 0:01:05]} Qc7 {[%emt 0:04:41]} 17. c3 {[%emt 0:03:18]} Nf5 {[%emt 0:05:03]} 18. Bf3 {[%emt 0:06:59]} Rb8 {[%emt 0:02:45]} 19. g4 {[%emt 0:03:00]} Ng7 {[%emt 0:03:22]} 20. Nd3 {[%emt 0:03:33]} a5 {[%emt 0:06:12]} 21. Nd4 {[%emt 0:03:06]} Ba6 {[%emt 0:01:32]} 22. Rc1 {[%emt 0:01:21]} Qd7 {[%emt 0:03:13]} 23. Nxc6 {[%emt 0:03:13]} Qxc6 {[%emt 0:00:01]} 24. b4 {[%emt 0:00:24]} a4 {[%emt 0:07:06]} 25. Nc5 {[%emt 0:00:48]} Be7 {[%emt 0:02:23]} 26. Bd4 {[%emt 0:02:21]} Bc8 {[%emt 0:01:01]} 27. Qe1 {[%emt 0:02:28]} Ne8 {[%emt 0:01:41]} 28. a3 {[%emt 0:02:27]} Nc7 {[%emt 0:02:27]} 29. Qf2 {[%emt 0:04:26]} Na8 {[%emt 0:00:38]} 30. c4 {[%emt 0:00:19]} (30. Be2 $142) 30... bxc4 {[%emt 0:00:05]} 31. Rxc4 {[%emt 0:00:07]} Qb5 {[%emt 0:00:46] [#]} 32. Rc3 $1 {[%emt 0:01:19]} Nb6 {[%emt 0:00:37]} 33. Be2 {[%emt 0:00:32]} Nc4 {[%emt 0:00:25]} 34. Bxc4 $2 {[%emt 0:00:25]} (34. Bd3 $18) 34... dxc4 {[%emt 0:00:01]} 35. Rfc1 {[%emt 0:00:11]} Bxc5 {[%emt 0:00:33]} 36. Bxc5 {[%emt 0:00:14]} Bb7 {[%emt 0:00:28]} 37. Rxc4 $2 {[%emt 0:02:25]} (37. Bd6 $11) 37... Qc6 {[%emt 0:00:07]} 38. Kf1 {[%emt 0:00:17]} Ba6 {[%emt 0:00:31]} 39. Ke1 {[%emt 0:04:27]} Qh1+ {[%emt 0:01:34]} 40. Qf1 {[%emt 0:01:01]} Qd5 {[%emt 0:00:23] Pin} ({But not} 40... Qxh2 41. R4c2 $19) 41. Rd4 {[%emt 0:02:48]} (41. Bd6 {keeps fighting.} Bxc4 42. Qxc4 Qh1+ {[%mdl 64] Double Attack} 43. Qf1 Qxh2 44. Qf3) 41... Qxd4 {[%emt 0:00:21]} ({Less strong is} 41... Bxf1 42. Rxd5 Rxd5 43. Kxf1 $17) 42. Bxd4 {[%emt 0:01:13]} Bxf1 {[%emt 0:00:02]} 43. Kxf1 {[%emt 0:00:55]} (43. Rd1 $142 Bb5 44. Rd2) 43... Rxd4 {[%emt 0:00:01]} 44. Rb1 $19 {[%emt 0:00:30]} Rxf4+ {[%emt 0:00:09]} 45. Ke2 {[%emt 0:00:07]} Rxg4 {[%emt 0:00:25]} 46. b5 {[%emt 0:00:11]} Re4+ {[%emt 0:00:10]} 47. Kd3 {[%emt 0:00:07]} Rxe5 {[%emt 0:00:03]} 48. Kc4 {[%emt 0:00:20]} Re3 {[%emt 0:00:34]} 49. Kb4 {[%emt 0:00:38]} Rb3+ {[%emt 0:00:10]} 0-1

[Event "POL-chT 2nd League Juniors 2020"]
[Site "Sypniewo"]
[Date "2020.10.24"]
[Round "2.13"]
[White "Malik, Maciej"]
[Black "Zerebiec, Maurycy"]
[Result "1/2-1/2"]
[WhiteElo "1671"]
[BlackElo "1917"]
[Annotator "TA"]
[PlyCount "65"]
[EventDate "2020.10.23"]
[EventType "team-tourn"]
[EventCountry "POL"]
[SourceTitle "playchess.com"]
[Source "ChessBase"]
[SourceQuality "1"]

{[%evp 10,65,4,0,10,13,11,0,0,-5,-1,-13,-10,-10,0,0,0,0,0,0,0,-8,-14,-25,0,-10,-6,-6,0,-8,-7,-3,-7,-29,-21,-22,-29,-37,-37,-73,-73,-73,-77,-70,-82,-92,-19,-24,-9,-111,-102,-78,-54,-20,-45,-70,0,0]} 1. d4 c5 2. e3 cxd4 3. exd4 d5 4. Nf3 Nc6 5. Be2 Nf6 6. O-O Bg4 $1 {6...Bg4 scores better than 6...Bf5. B13: Caro-Kann: Exchange Variation and Panov-Botvinnik Attack.} 7. c3 e6 8. Re1 Bd6 9. Nbd2 {[%cal Bb1d2,Bd2f1,Bf1e3][%mdl 32]} Qc7 10. Nf1 O-O 11. h3 Bxf3 12. Bxf3 {[#]} Rab8 $146 ({Predecessor:} 12... b5 13. a3 a5 14. Bg5 Nd7 15. Bh4 b4 16. axb4 axb4 17. Bg3 Bxg3 18. Nxg3 bxc3 19. bxc3 Rxa1 20. Qxa1 Nb6 21. Qc1 Rc8 22. Re2 Nxd4 23. Rd2 Nb3 {0-1 (23) Brujin,H (1579)-Garcia,L (2008) Sao Paulo 2013}) 13. a4 a6 14. Ne3 b5 15. axb5 axb5 16. b3 {[%cal Bb2b3,Bb3b4][%mdl 32]} Na5 17. b4 Nc4 18. Nxc4 Qxc4 19. Bd2 Ra8 20. Be2 Qc6 21. Rxa8 Rxa8 22. Bd3 Ne4 23. Bxe4 dxe4 24. f3 exf3 25. Qxf3 Qxf3 26. gxf3 $17 {[%mdl 4096] Endgame KRB-KRB} Ra2 27. Rd1 Rc2 (27... Kf8 $17) 28. Be1 Bf4 29. Rd3 (29. d5 $11 {keeps the balance.}) 29... Rc1 30. Kf2 Bg5 {[#] aiming for ...Bh4+.} 31. Ke2 Rc2+ 32. Kf1 Rc1 (32... Kf8 $1 $15) 33. Ke2 {Av CentiPawn Loss W=-8/B=-7. Weighted=-16/-6} 1/2-1/2

[Event "POL-chT 2nd League Juniors 2020"]
[Site "Sypniewo"]
[Date "2020.10.24"]
[Round "2.14"]
[White "Topola, Rafal"]
[Black "Zniszczol, Wiktoria"]
[Result "1-0"]
[WhiteElo "1827"]
[BlackElo "1620"]
[Annotator "NA RC"]
[PlyCount "83"]
[EventDate "2020.10.23"]
[EventType "team-tourn"]
[EventCountry "POL"]
[SourceTitle "playchess.com"]
[Source "ChessBase"]
[SourceQuality "1"]
[TimeControl "5400+30"]

{[%evp 8,76,32,32767,19,35,26,32767,2,-29,-18,-23,32767,32767,-23,-21,32767,-59,32767,-47,32767,-80,32767,-99,32767,32767,175,32767,32767,183,281,275,267,32767,365,365,32767,384,32767,32767,32767,421,392,414,421,417,415,404,462,32767,515,32767,478,424,354,423,381,439,400,400,426,32767,438,461,619,645,616,638,637,638,644]} 1. e4 {[%emt 0:00:00]} c5 {[%emt 0:00:00]} 2. Nc3 {[%emt 0:02:37]} a6 {[%emt 0:00:47]} 3. g3 {[%emt 0:00:49]} b5 {[%emt 0:08:21]} 4. Bg2 {[%emt 0:00:47]} Bb7 {[%emt 0:00:44]} 5. Nge2 {[%emt 0:00:39]} d6 {[%emt 0:00:42]} 6. O-O {[%emt 0:01:04] B23: Closed Sicilian: Lines without g3.} Nf6 {[%emt 0:00:38]} 7. d3 {[%emt 0:00:49] has lost popularity (7.d4).} e6 {[%emt 0:00:23]} 8. Bg5 {[%emt 0:05:17]} Be7 {[%emt 0:00:51] [#]} 9. a4 $146 {[%emt 0:11:21]} ({Predecessor:} 9. Nf4 Nfd7 10. Bxe7 Qxe7 11. Qd2 O-O 12. a4 b4 13. Nd1 e5 14. Nd5 Bxd5 15. exd5 {1-0 (68) Arat,U (2007)-Eggink,R (1925) Batumi 2010}) 9... Qb6 {[%emt 0:05:29]} 10. Qd2 {[%emt 0:12:36]} b4 {[%emt 0:13:21]} 11. Nd1 {[%emt 0:00:15]} h6 {[%emt 0:00:06]} 12. Bf4 {[%emt 0:00:54]} Qc7 {[%emt 0:07:56]} 13. Re1 {[%emt 0:08:59]} a5 {[%emt 0:09:37]} 14. e5 {[%emt 0:08:45]} Bxg2 {[%emt 0:03:50]} 15. exf6 {[%emt 0:01:34]} Bxf6 {[%emt 0:01:41]} 16. Kxg2 {[%emt 0:00:11]} Qc6+ {[%emt 0:02:27]} 17. Kg1 {[%emt 0:00:14]} g5 {[%emt 0:01:13]} 18. Be3 {[%emt 0:00:20]} d5 {[%emt 0:00:38]} (18... Qf3 $142 19. d4 Nc6) 19. c3 {[%emt 0:05:49]} Nd7 {[%emt 0:09:24]} 20. d4 {[%emt 0:00:44]} b3 {[%emt 0:02:54]} 21. f4 {[%emt 0:01:42]} c4 {[%emt 0:01:07]} 22. fxg5 {[%emt 0:01:05]} hxg5 {[%emt 0:00:47]} 23. Bxg5 {[%emt 0:00:06]} O-O-O {[%emt 0:00:58]} 24. Bxf6 {[%emt 0:08:11]} Nxf6 {[%emt 0:00:19]} 25. Qf4 {[%emt 0:00:08]} Ne4 {[%emt 0:01:48]} 26. Nf2 {[%emt 0:01:02]} Nd6 {[%emt 0:00:38]} 27. Ng4 {[%emt 0:01:56]} Nf5 {[%emt 0:04:03]} 28. Ne5 {[%emt 0:00:34]} Qb7 {[%emt 0:02:49]} 29. Rf1 {[%emt 0:08:13]} Rdg8 {[%emt 0:02:10]} 30. Rf2 {[%emt 0:01:21]} Rh4 {[%emt 0:02:35]} 31. Qd2 {[%emt 0:00:47]} f6 {[%emt 0:02:03]} 32. Nf3 {[%emt 0:02:34]} Re4 {[%emt 0:06:55]} 33. Nf4 {[%emt 0:01:29]} Qc7 {[%emt 0:04:05]} 34. Ng2 {[%emt 0:00:27]} Qh7 {[%emt 0:04:24]} 35. Re1 {[%emt 0:01:30]} Rh8 {[%emt 0:00:44]} 36. Rxe4 {[%emt 0:02:27]} dxe4 {[%emt 0:00:42]} 37. Nfh4 {[%emt 0:00:10]} e3 {[%emt 0:00:43]} 38. Nxe3 {[%emt 0:00:14]} Nxh4 $18 {[%emt 0:00:17]} 39. gxh4 {[%emt 0:00:08]} Qxh4 {[%emt 0:00:43]} 40. Rg2 {[%emt 0:00:58]} Qe4 {[%emt 0:00:36]} 41. Qe2 {[%emt 0:02:11]} Kd7 {[%emt 0:00:29]} 42. Nxc4 1-0

[Event "POL-chT 2nd League Juniors 2020"]
[Site "Sypniewo"]
[Date "2020.10.24"]
[Round "2.15"]
[White "Karut, Kacper"]
[Black "Nowak, Filip"]
[Result "1/2-1/2"]
[WhiteElo "1657"]
[BlackElo "1871"]
[Annotator "NA RC"]
[PlyCount "63"]
[EventDate "2020.10.23"]
[EventType "team-tourn"]
[EventCountry "POL"]
[SourceTitle "playchess.com"]
[Source "ChessBase"]
[SourceQuality "1"]
[TimeControl "5400+30"]

{[%evp 8,61,14,22,21,22,39,27,29,32767,18,32767,8,32767,29,12,18,32767,32767,8,32767,8,32767,32767,32767,4,4,32767,20,-16,0,32767,32767,-3,32767,-14,32767,0,24,32767,32767,32767,0,32767,68,64,76,73,259,32767,52,-57,32767,32767,-60,-60]} 1. e4 {[%emt 0:00:00]} e5 {[%emt 0:00:00]} 2. Nf3 {[%emt 0:00:32]} Nc6 {[%emt 0:00:00]} 3. Bb5 {[%emt 0:00:12]} a6 {[%emt 0:00:00]} 4. Ba4 {[%emt 0:00:54]} Nf6 {[%emt 0:00:19]} 5. O-O {[%emt 0:00:24]} Be7 {[%emt 0:00:21]} 6. Re1 {[%emt 0:00:12]} b5 {[%emt 0:00:24]} 7. Bb3 {[%emt 0:00:05]} d6 {[%emt 0:00:09]} 8. a4 {[%emt 0:04:28]} b4 {[%emt 0:00:07]} 9. h3 {[%emt 0:06:59] C90: Closed Ruy Lopez with 7...d6: Early deviations.} Na5 {[%emt 0:06:34]} 10. Ba2 {[%emt 0:05:28]} Bb7 {[%emt 0:00:17]} 11. d3 {[%emt 0:03:31]} O-O {[%emt 0:01:19]} 12. Nbd2 {[%emt 0:05:10] [#]} c6 $146 {[%emt 0:09:58]} ({Predecessor:} 12... c5 13. c3 Rc8 14. cxb4 cxb4 15. Nf1 d5 16. exd5 b3 17. Bxb3 Nxb3 18. Qxb3 Qxd5 19. Qxd5 Nxd5 20. Nxe5 {½-½ (32) Svidler,P (2728)-Aronian,L (2744) Wijk aan Zee 2007}) 13. Nb3 {[%emt 0:15:21]} h6 {[%emt 0:06:25]} 14. Bd2 {[%emt 0:05:07]} Nxb3 {[%emt 0:03:29]} 15. Bxb3 {[%emt 0:00:35]} a5 {[%emt 0:00:31]} 16. c3 {[%emt 0:14:37]} bxc3 {[%emt 0:07:53]} 17. Bxc3 {[%emt 0:04:38]} c5 {[%emt 0:02:10]} 18. Qd2 {[%emt 0:01:20]} Bc6 {[%emt 0:00:55]} 19. Bc4 {[%emt 0:02:15]} Qc7 {[%emt 0:01:31]} 20. Nh2 {[%emt 0:06:43]} Nh5 {[%emt 0:04:38]} 21. Ng4 {[%emt 0:05:52]} Bg5 {[%emt 0:04:43]} 22. Ne3 {[%emt 0:01:02]} ({Better is} 22. Qd1 $1 $14) 22... Nf4 {[%emt 0:01:34]} 23. Qd1 {[%emt 0:02:31]} Kh8 {[%emt 0:03:37]} 24. Kh2 {[%emt 0:03:02]} f5 {[%emt 0:18:09]} 25. f3 {[%emt 0:03:57]} g6 {[%emt 0:06:35]} (25... Bd7 $11) 26. g3 {[%emt 0:03:34]} Nh5 {[%emt 0:00:25]} 27. Nd5 {[%emt 0:01:06]} Qb8 $2 {[%emt 0:03:23]} (27... Bxd5 $16 28. Bxd5 Rae8) 28. Rg1 {[%emt 0:01:06]} Ra7 {[%emt 0:02:42]} ({Black should try} 28... f4 $15 29. g4 Ng7) 29. b3 {[%emt 0:01:12]} (29. f4 $1 $14 Bxd5 30. Bxd5) 29... f4 {[%emt 0:04:00]} 30. g4 {[%emt 0:00:55]} Nf6 {[%emt 0:00:18]} 31. Nxf6 $15 {[%emt 0:00:25]} Bxf6 {[%emt 0:00:20]} 32. Be1 {[%emt 0:00:35]} 1/2-1/2